| 000 | 00777nam a22002535a 4500 | ||
|---|---|---|---|
| 005 | 20151220143115.0 | ||
| 008 | 150810s2014 ii a frbd 001 0 eng d | ||
| 020 | _a9789350145227 | ||
| 040 |
_aEG-ScBUE _beng _cEG-ScBUE _dEG-ScBUE |
||
| 082 | 0 | 4 |
_a621.89 _bKUM _222 |
| 100 | 1 |
_aKumar, Er Arun. _938942 |
|
| 245 | 1 | 2 |
_aA textbook of tribology / _cby Er Arun Kumar. |
| 250 | _a1st ed. | ||
| 260 |
_aNew Delhi : _bS. K. Kataria & Sons, _c2014. |
||
| 300 |
_a378 p. : _bill. ; _c24 cm. |
||
| 500 | _aIndex : p. 375-378. | ||
| 500 | _aIncludes vocabulary. | ||
| 504 | _aBibliography : p. 373. | ||
| 521 | _aFor degree and diploma students. | ||
| 650 | 7 |
_aTribology. _2BUEsh _94385 |
|
| 651 | _2BUEsh | ||
| 653 |
_bENGGEN _cAugust2015 _cDecember2015 |
||
| 942 |
_2ddc _k621.89 KUM |
||
| 999 |
_c20493 _d20465 |
||